000 00893nam a2200181Ia 4500
008 090630s9999 xx 000 0 und d
082 _b17997
100 _aऑर्थर हॅली / जॉन कसले अनु. भट अविनाश.
245 _aप्लाईट इन टू डेंजर.
_cऑर्थर हॅली / जॉन कसले अनु. भट अविनाश.
260 _bप्राजक्ता - पुणे.
_c2000
300 _a128
600 _aऑर्थर हॅली / जॉन कसले अनु. भट अविनाश.
630 _aप्लाईट इन टू डेंजर.
655 _aकादंबरी.
700 _aऑर्थर हॅली / जॉन कसले अनु. भट अविनाश.
730 _aप्लाईट इन टू डेंजर.
942 _cBOOK
999 _c269853
_d269853